Statistics for NCAA Teams That Play at NFL Stadiums

Click here to take the quiz!

General Stats

  • This quiz has been taken 181 times
  • The average score is 4 of 6

Answer Stats

StadiumCollege Team% Correct
Hard Rock StadiumMiami (FL)
92%
Acrisure StadiumPittsburgh
79%
Lincoln Financial FieldTemple
79%
Allegiant StadiumUNLV
71%
Raymond James StadiumSouth Florida
65%
Nissan StadiumTennessee State
36%

Score Distribution

Percentile by Number Answered

Percent of People with Each Score

Your Score History

You have not taken this quiz